| 000 | 00744 a2200193 4500 | ||
|---|---|---|---|
| 999 |
_c10369 _d10369 |
||
| 020 | _a9780702047299 | ||
| 050 | _aRC76. MAC2013 | ||
| 100 |
_aMacleod, John _d1915- _eauthor |
||
| 245 |
_aMacleod's clinical examination / _cedited by Graham Douglas, (Consultant physician); E Fiona Nicol; Colin Robertson |
||
| 264 |
_aEdinburgh ; New York : _b Churchill Livingstone Elsevier, _c 2013 |
||
| 300 | _axvii, 451 pages : illustrations (some color) ; 27 cm | ||
| 500 | _aOriginal edition: Clinical examination / editor, John Macleod. 1964. | ||
| 650 | _aPhysical diagnosis. | ||
| 650 | _aMedical history taking. | ||
| 650 | _a Physical Examination | ||
| 700 | _a Nicol; E Fiona | ||
| 700 | _a Robertson, Colin | ||
| 942 |
_2lcc _cBK _h76 _iMAC _kRC |
||